Vvedenije v upravljajemych termojadernyj sintez /
Guardado en:
| Autores principales: | , |
|---|---|
| Otros Autores: | , |
| Formato: | Libro |
| Lenguaje: | ruso |
| Publicado: |
Moskva :
Mir,
1980
|
| Etiquetas: |
Sin Etiquetas, Sea el primero en etiquetar este registro!
|
MARC
| LEADER | 00000nam a22000003a 4500 | ||
|---|---|---|---|
| 001 | stu36678 | ||
| 005 | 20150617225728.9 | ||
| 008 | 920617s1980----xxr-----------------rus-d | ||
| 040 | |a STU |b slo | ||
| 041 | 0 | |a rus | |
| 044 | |a xxr | ||
| 080 | |a 621.039.6 | ||
| 080 | |a 533.9 | ||
| 100 | 1 | |a Hagler, M.O |4 aut | |
| 245 | 1 | |a Vvedenije v upravljajemych termojadernyj sintez / |c [aut.]M.O. Hagler, M. Kristiansen; Z angl. D. Vlasov, S.L. Motylev | |
| 260 | |a Moskva : |b Mir, |c 1980 | ||
| 300 | |a 229 s | ||
| 700 | 1 | |a Kristiansen, M |4 aut | |
| 700 | 1 | |a Vlasov, D |4 trl | |
| 700 | 1 | |a Motylev, S.L |4 trl | |
| 996 | |b 284M062536 |c M*7297-1 |l MMKN |s A |a 24 |w stu36678_0001 | ||